000 00596nam a22002057a 4500
003 OSt
005 20140310182353.0
008 130316t xxu||||| |||| 00| 0 eng d
020 _a9781846960062
050 _aQL122.2
_b.H69 2006
082 _aGS 591.77
_bH83 2006
100 _aHoward, Alison
_922252
245 _aMy first book of ocean life /
_cAlison Howard
260 _aGreat Britain :
_bTickTock Entertainment,
_cc2006.
300 _c28 cm.
_a96 p. :
_bill, ;
541 _j1
562 _e1
650 _aMarine animals
_xJuvenile literature.
_922253
942 _2lcc
_cBK-GS
999 _c12419
_d12419